Chemistry and Chemical Reactivity

Guardado en:
Detalles Bibliográficos
Autores principales: Kotz, John C (Autor), Treichel, Paul Jr (Autor)
Formato: Libro
Lenguaje:inglés
Publicado: Fort Worth : Saunders College Publ, 2000
Edición:4th Edition
Colección:Saunders Golden Sunburst Series
Etiquetas: Agregar Etiqueta
Sin Etiquetas, Sea el primero en etiquetar este registro!

MARC

LEADER 00000nam a22000003a 4500
001 stu54612
005 20150617225659.4
008 000711s2000----xxu-----------------eng-d
020 |a 0-03-023762-9 
040 |a STU  |b slo 
041 0 |a eng 
044 |a xxu 
080 |a 54 
100 1 |a Kotz, John C  |4 aut 
245 1 |a Chemistry and Chemical Reactivity 
250 |a 4th Edition 
260 |a Fort Worth :  |b Saunders College Publ,  |c 2000 
300 |a 1129 s. Obr.,tab.,grafy,index 
700 1 |a Treichel, Paul Jr.  |4 aut 
830 0 |a Saunders Golden Sunburst Series 
996 |b C96388  |c C*96388  |l CCXXVI  |s P  |a 0  |w stu54612_0001 
996 |b M 31463  |c M*10181-1  |l MMKN  |s A  |a 24  |w stu54612_0002